Statistics for Guess the Disney Princess!

Click here to take the quiz!

General Stats

  • This quiz has been taken 208 times
  • The average score is 10 of 12

Answer Stats

ClueAnswer% Correct
When the clock struck 12...Cinderella
95%
The Snow QueenElsa
92%
7 servantsSnow White
92%
Under the sea!Ariel
92%
Ugly BeastsBelle
92%
Frogs....are disgusting (I stepped on one before)Tiana
86%
Hair that is very strong to...pull a man? IDKRapunzel
85%
Red, Curly HairMerida
81%
IDK if she is a princess but still- wait-she's a man!Mulan
80%
Another word for Northern Lights?Aurora
72%
The Lion QueenNala
72%
A nice-smelling flower!Jasmine
52%

Score Distribution

Percentile by Number Answered

Percent of People with Each Score

Your Score History

You have not taken this quiz